| 000 | 00577nam a2200181Ia 4500 | ||
|---|---|---|---|
| 008 | 090123s9999 xx 000 0 und d | ||
| 082 |
_b36877 _a891.463/बनह |
||
| 100 | _aबनहट्टी राजेंद्र | ||
| 245 | _aमी पण माझे | ||
| 250 | _a1 | ||
| 260 |
_bसन प्रकाशन _c2004 |
||
| 300 | _a360 | ||
| 600 | _aबनहट्टी राजेंद्र | ||
| 630 | _aमी पण माझे | ||
| 700 | _aबनहट्टी राजेंद्र | ||
| 730 | _aमी पण माझे | ||
| 942 | _cBOOK | ||
| 999 |
_c74945 _d74945 |
||